| 000 | 00409pab a2200133 454500 | ||
|---|---|---|---|
| 008 | 180718b2003-2004 xxu||||| |||| 00| 0 eng d | ||
| 100 | _aMohanty, Amarendra | ||
| 245 | _aTowards qualitative higher education in India | ||
| 260 | _c2003-2004 | ||
| 300 | _ap.269-72. | ||
| 650 | _aHigher education | ||
| 773 | _aJournal of Indian Institute of Public Administration (Orissa Regional Branch | ||
| 909 | _a62078 | ||
| 999 |
_c62078 _d62078 |
||